000
00304nam a2200121Ia 4500
008
151213s9999 xx 000 0 und d
245
_a
Global Economics Prospects
260
_a
Washington D.C
_b
International Bank
_c
2001
300
_a
2050 p.
650
_a
Economics
650
_a
Economics
999
_c
1505
_d
1505